[Event "Twente Young Master op-A"]
[Site "Twente"]
[Date "2007.08.06"]
[Round "2"]
[White "Van Kesteren, Ruben"]
[Black "Bok, Benjamin"]
[Result "0-1"]
[WhiteElo "1222"]
[BlackElo "2103"]
[PlyCount "80"]
[EventDate "2007.08.06"]
[EventType "swiss"]
[EventRounds "9"]
[EventCountry "NED"]
[SourceTitle "EXT 2008"]
[Source "ChessBase"]
[SourceDate "2007.11.25"]
[SourceVersion "1"]
[SourceVersionDate "2007.11.25"]
[SourceQuality "1"]

1. e4 e5 2. Nf3 Nc6 3. Nc3 Nf6 4. d4 exd4 5. Nxd4 Bb4 6. Nxc6 bxc6 7. Bd3 d5 8. 0-0 Bxc3 9. bxc3 dxe4 10. Re1 0-0 11. Bc4 Qxd1 12. Rxd1 Bg4 13. Re1 Rfe8 14. Bf4 Be6 15. Ba6 Nd5 16. Be5 Bc8 17. Bc4 Rxe5 18. Bxd5 cxd5 19. Rab1 Ba6 20. Rb4 f5 21. Ra4 Bc4 22. a3 f4 23. Rb4 a6 24. a4 Rae8 25. g3 e3 26. f3 g5 27. g4 h5 28. h3 hxg4 29. hxg4 Kg7 30. Rbb1 Rh8 31. Kg2 Re6 32. Rh1 Rxh1 33. Rxh1 Rh6 34. Rb1 Rb6 35. Rc1 Rb2 36. Kh3 Ba2 37. Kg2 Rb1 38. Rg1 Rxg1+ 39. Kxg1 Bb1 40. c4 d4 0-1